000 00856nam a2200217Ia 4500
001 11095
003 GE_BSU
008 181216s||||||||xx |||||||||||||| ||und||
040 _cGE_BSU
080 _a52(031)
245 _aЭнциклопедический словарь юного астронома
245 _bДля среднего и старшего школьного возраста.
245 _cСост.Ерпилев Н.П. Ред.колл.Мустель Э.Р.(Гл.ред.)Васильев, Ю.В. Воронцов-Вельяминов Б.А. и др.
250 _a2-е изд, дол и перераб.
260 _aМосква.
260 _bПедагогика.
260 _c1986.
300 _a336стр,27см.
653 _aЭнциклопедический словарь юного астронома
942 _cBK
999 _c44336
_d44336